| 000 | 00355pam a2200157a 44500 | ||
|---|---|---|---|
| 008 | 230405s1996 xxu||||| |||| 00| 0 eng d | ||
| 041 | _aENG | ||
| 100 | _aMICHALE GERSHMAN | ||
| 245 | _aGETTING IT RIGHT | ||
| 250 | _a1996 | ||
| 260 |
_aKOLHAPUR _bPRINTED IN G.B. - _c1996 |
||
| 300 | _a270 | ||
| 650 | _aMANAGEMENT | ||
| 690 | _aMBA | ||
| 906 | _a1681 | ||
| 999 |
_c282492 _d282492 |
||